Monitoring banking sector fragility <a> multivariate logit approach

Gespeichert in:
Bibliographische Detailangaben
1. Verfasser: Demirgüc-Kunt, Asli
Weitere Verfasser: Detragiache, Enrica
Format: Buch
Sprache:Englisch
Veröffentlicht: Washington International Monetary Fund 1999
Schriftenreihe:IMF Working Paper WP/99/147
Schlagworte:
Tags: Tag hinzufügen
Keine Tags, Fügen Sie das erste Tag hinzu!

MARC

LEADER 00000nam a2200000 4500
001 c124225
005 20221221083016.0
041 0 |a eng 
044 |a US 
245 1 0 |a Monitoring banking sector fragility  |b <a> multivariate logit approach  |c Prepared by Asl Demirgüc-Kunt and Enrica Detragiache 
264 1 |a Washington  |b International Monetary Fund  |c 1999 
300 |a 27 s. 
490 1 |a IMF Working Paper  |v WP/99/147 
830 0 |a IMF Working Paper  |v WP/99/147 
610 2 0 |a banky 
610 2 0 |a bankovníctvo 
610 2 0 |a kríza banková 
610 2 0 |a citlivosť 
610 2 0 |a výskum 
610 2 0 |a modely 
610 2 0 |a Medzinárodný menový fond 
100 1 |a Demirgüc-Kunt, Asli 
700 1 |a Detragiache, Enrica